[Event "VIE-ch U09 Girls"]
[Site "Ho Chi Minh City"]
[Date "2014.07.18"]
[Round "9"]
[White "Nguyen, Pham Chau Anh"]
[Black "Tao, Minh Trang"]
[Result "0-1"]
[WhiteElo "1604"]
[BlackElo "1550"]
[PlyCount "138"]
[EventDate "2014.07.13"]
[EventType "swiss"]
[EventRounds "9"]
[EventCountry "VIE"]
[SourceTitle "EXT 2016"]
[Source "ChessBase"]
[SourceDate "2015.10.08"]
[SourceVersion "1"]
[SourceVersionDate "2015.10.08"]
[SourceQuality "1"]

1. e4 e5 2. Nf3 Nc6 3. Bc4 Bc5 4. d3 h6 5. Nc3 d6 6. h3 Be6 7. Bb5 Nf6 8. Bxc6+ bxc6 9. Na4 Bb6 10. Nh2 d5 11. exd5 Bxd5 12. 0-0 0-0 13. Ng4 Qe7 14. c4 Be6 15. Nxf6+ Qxf6 16. c5 Ba5 17. a3 e4 18. Be3 Rab8 19. b4 Bxb4 20. axb4 Rxb4 21. Qd2 Rbb8 22. dxe4 Rbd8 23. Qc3 Qg6 24. Kh1 Qxe4 25. f3 Qg6 26. Nb2 Qh5 27. Kh2 Qg6 28. Rxa7 Rb8 29. Rxc7 Rb3 30. Qd4 Qc2 31. Na4 Qe2 32. Rf2 Qxe3 33. Qxe3 Rxe3 34. Rxc6 Bd7 35. Ra6 Ra3 36. c6 Bc8 37. Ra8 Be6 38. Rxf8+ Kxf8 39. Nc5 Bf5 40. g4 Rc3 41. Nd7+ Bxd7 42. cxd7 Rd3 43. Kg3 Rxd7 44. Re2 Rd6 45. Kh4 Rd3 46. Kg3 g6 47. h4 Rd5 48. f4 Rd3+ 49. Kf2 Rh3 50. Kg2 Rxh4 51. Kg3 Rh1 52. Rh2 Rxh2 53. Kxh2 Ke7 54. Kg3 Kf6 55. Kh4 g5+ 56. fxg5+ hxg5+ 57. Kg3 Ke5 58. Kf3 Kd4 59. Kg3 Ke3 60. Kh2 Kf3 61. Kh3 f6 62. Kh2 Kxg4 63. Kh1 f5 64. Kh2 Kh4 65. Kg2 g4 66. Kg1 Kh3 67. Kh1 g3 68. Kg1 g2 69. Kf2 Kh2 0-1

[Event "VIE-ch U09 Girls"]
[Site "Ho Chi Minh City"]
[Date "2014.07.15"]
[Round "4"]
[White "Nguyen, Thi Ha Phuong"]
[Black "Nguyen, Pham Chau Anh"]
[Result "1-0"]
[WhiteElo "1561"]
[BlackElo "1604"]
[PlyCount "67"]
[EventDate "2014.07.13"]
[EventType "swiss"]
[EventRounds "9"]
[EventCountry "VIE"]
[SourceTitle "EXT 2016"]
[Source "ChessBase"]
[SourceDate "2015.10.08"]
[SourceVersion "1"]
[SourceVersionDate "2015.10.08"]
[SourceQuality "1"]

1. e4 e5 2. Nf3 Nc6 3. Bc4 Bc5 4. d3 h6 5. Be3 d6 6. h3 Nf6 7. 0-0 Nh7 8. Bb5 Bb6 9. d4 0-0 10. Bxc6 bxc6 11. Nc3 exd4 12. Bxd4 Bxd4 13. Qxd4 Qf6 14. Rad1 c5 15. Qd3 Ng5 16. Nxg5 Qxg5 17. Qd5 Qg6 18. Kh1 Be6 19. Qc6 Rfc8 20. f4 Bc4 21. Rfe1 Qg3 22. Qa4 Be6 23. f5 Bxf5 24. exf5 Qg5 25. Nd5 c6 26. Ne7+ Kh7 27. Nxc8 Rxc8 28. Qxa7 Qxf5 29. Rf1 Qxc2 30. Rxd6 Qxb2 31. Rd7 c4 32. Rdxf7 Kg6 33. Qd7 Rd8 34. Qf5# 1-0